<?xml version="1.0" encoding="UTF-8"?>
<record
    xmlns:xsi="http://www.w3.org/2001/XMLSchema-instance"
    xsi:schemaLocation="http://www.loc.gov/MARC21/slim http://www.loc.gov/standards/marcxml/schema/MARC21slim.xsd"
    xmlns="http://www.loc.gov/MARC21/slim">

  <leader>01401    a2200205   4500</leader>
  <controlfield tag="001">54296</controlfield>
  <controlfield tag="005">20260407155814.0</controlfield>
  <controlfield tag="008">260407a2005    arg                 spa d</controlfield>
  <controlfield tag="003">AR-UNSa-BCEJYS</controlfield>
  <datafield tag="040" ind1=" " ind2=" ">
    <subfield code="a">AR-UNSa-BCEJYS</subfield>
    <subfield code="b">spa</subfield>
    <subfield code="c">AR-UNSa-BCEJYS</subfield>
  </datafield>
  <datafield tag="080" ind1=" " ind2=" ">
    <subfield code="a">336.11</subfield>
    <subfield code="x">Finanzas p&#xFA;blicas como estudio de la gesti&#xF3;n financiera. Teor&#xED;a, m&#xE9;todos de las finanzas p&#xFA;blicas en general </subfield>
  </datafield>
  <datafield tag="245" ind1="1" ind2="0">
    <subfield code="a">El imperio de las finanzas</subfield>
    <subfield code="p">sobre las econom&#xED;as, las empresas y los ciudadanos</subfield>
  </datafield>
  <datafield tag="020" ind1=" " ind2=" ">
    <subfield code="a">987-545-342-0</subfield>
  </datafield>
  <datafield tag="264" ind1=" " ind2="1">
    <subfield code="a">Buenos Aires :</subfield>
    <subfield code="b">Grupo Editorial Norma</subfield>
    <subfield code="c">2005</subfield>
  </datafield>
  <datafield tag="300" ind1=" " ind2=" ">
    <subfield code="a">358 p.</subfield>
    <subfield code="c">21 cm.</subfield>
  </datafield>
  <datafield tag="505" ind1=" " ind2=" ">
    <subfield code="a">1. Bienvenidos al casino global - 2. Liberalizaci&#xF3;n. desregulaci&#xF3;n, especulaci&#xF3;n - 3. Qui&#xE9;n es qui&#xE9;n(y qu&#xE9; hace cada uno) en el mercado financiero global - 5. Teor&#xED;as y realidades de las finanzas globales - 6. Riesgos elevados, conductas imprudentes, redes endebles - 7. El camino de la crisis - 8. La argentina en la trampa financiera - 9. El gran trauma:La crisis asi&#xE1;tica - 10. Volatilidad de capitales y vulnerabilidad de la periferia - 11. Las empresas como apuesta financiera - 12. Delitos globales en las finanzas globales - 13. Jubiaciones en el casino - 14. Regulando al capital financiero(O la larga lucha del dinero por su libertad - 15. Opciones para un nuevo orden fianancioero</subfield>
  </datafield>
  <datafield tag="942" ind1=" " ind2=" ">
    <subfield code="c">BK</subfield>
  </datafield>
  <datafield tag="590" ind1=" " ind2=" ">
    <subfield code="a">niveau_biblio:m niveau_hierar:0</subfield>
  </datafield>
  <datafield tag="100" ind1="1" ind2=" ">
    <subfield code="a">Sevares, Julio</subfield>
  </datafield>
  <datafield tag="999" ind1=" " ind2=" ">
    <subfield code="c">5465</subfield>
    <subfield code="d">5465</subfield>
  </datafield>
  <datafield tag="952" ind1=" " ind2=" ">
    <subfield code="0">0</subfield>
    <subfield code="1">0</subfield>
    <subfield code="4">0</subfield>
    <subfield code="7">0</subfield>
    <subfield code="a">BCEJYS</subfield>
    <subfield code="b">BCEJYS</subfield>
    <subfield code="c">16</subfield>
    <subfield code="d">2026-04-07</subfield>
    <subfield code="l">0</subfield>
    <subfield code="o">336.11 S497</subfield>
    <subfield code="p">L116823</subfield>
    <subfield code="r">2026-04-07 15:58:14</subfield>
    <subfield code="w">2026-04-07</subfield>
    <subfield code="y">L</subfield>
  </datafield>
</record>
